Il calice e la spada : la civiltà della grande dea dal neolitico ad oggi /
I tiakina i:
| Kaituhi matua: | |
|---|---|
| Hōputu: | Pukapuka |
| Reo: | Itāriana |
| I whakaputaina: |
Udine :
Forum,
[2011]
|
| Rangatū: | ALL ;
9 |
| Ngā marau: | |
| Ngā Tūtohu: |
Kāore He Tūtohu, Me noho koe te mea tuatahi ki te tūtohu i tēnei pūkete!
|
MARC
| LEADER | 00000nam a22000007i 4500 | ||
|---|---|---|---|
| 001 | IT\ICCU\LIG\0119831 | ||
| 003 | ItRI | ||
| 005 | 20260115232148.0 | ||
| 008 | 120419s2011 it |||||| |||||0|||||c | ||
| 020 | |a 9788884206800 | ||
| 040 | |b ita |c importazione bologna sebina | ||
| 041 | 7 | |a ita |2 ISO-639-2 | |
| 100 | 1 | |a Eisler, Riane Tennenhaus |0 IT\ICCU\CAGV\369126 |4 aut | |
| 240 | 1 | 4 | |a The chalice and the blade |3 IT\ICCU\USM\1916597 |9 Eisler, Riane Tennenhaus |
| 245 | 1 | 3 | |a Il calice e la spada : |b la civiltà della grande dea dal neolitico ad oggi / |c Riane Eisler ; premessa di Antonella Riem Natale ; presentazione di Mauro Ceruti ; postfazione per la nuova edizione italiana di Riane Eisler ; glossario mutuale a cura di Stefano Mercanti ; [traduzione di Vincenzo Mingiardi]. |
| 260 | |a Udine : |b Forum, |c [2011] | ||
| 300 | |a 415 p. ; |c 21 cm. | ||
| 650 | 7 | |a Dea madre |x Culto | |
| 790 | 1 | |a Eisler, Riane |3 IT\ICCU\CFIV\280758 |z Eisler, Riane Tennenhaus | |
| 790 | 1 | |a Tennenhaus Eisler, Riane |3 IT\ICCU\SBNV\101616 |z Eisler, Riane Tennenhaus | |
| 830 | 0 | |a ALL ; |v 9 |0 IT\ICCU\CFI\0666050 | |
| 942 | |2 ddc |c BK |n 0 | ||
| 952 | |0 0 |1 0 |4 0 |6 DOC_201_430000000000000_EIS |7 0 |9 21173 |a BO |b BO |d 2026-01-15 |i 18294 |l 0 |o DOC 201.43 EIS |p BO18294 |r 2026-01-15 23:21:48 |w 2026-01-15 |x [Sebina 5] [1 v.] |y BK |z 1 v. | ||
| 999 | |c 18094 |d 18094 | ||